000
00337nam a2200133Ia 4500
008
100328s9999 xx 000 0 und d
082
_b
60459
100
_a
पवार जयंत.
245
_a
आांतर.
260
_b
पॉप्युलर.
630
_a
आांतर.
730
_a
आांतर.
942
_c
BOOK
999
_c
546606
_d
546603